=LDR 00000nam 2200000 4500 =001 INLIS000000000029445 =005 20130612131658 =008 ***********************************Ind** =035 ##$$0010-061300000029445 =041 ##$$a Ind =082 ##$$a 745.5 =090 ##$$a 745.5, Rob m =100 ##$$a Robani, Sarmanto Hanif =245 ##$$a Membuat tirai unik, Sarmanto Hanif Robani =260 ##$$a 2004 $b Jakarta =300 ##$$a vii, 36 hlm, ilus, 21 cm =650 ##$$a Kerajinan Tangan-Tirai =850 ##$$a NBPNMAT